Prístupy k riešeniu sociálnej situácie ľudí v hmotnej núdzi v SR

Dávka sociálnej pomoci ako nástroj pomoci v hmotnej núdzi. Relácia dávky sociálnej pomoci vo vzťahu k životnému minimu. Vývoj súm životného minima a dávky sociálnej pomoci. Prístup k riešeniu hmotnej núdze v rámci "Novej sociálnej politiky". Posilnenie princípu zásluhovosti pri poskytovaní pomoci v...

Descrizione completa

Salvato in:
Dettagli Bibliografici
Autore principale: Husáková, Mária
Natura: Capitolo di libro
Lingua:slovacco
Soggetti:
Tags: Aggiungi Tag
Nessun Tag, puoi essere il primo ad aggiungerne!!

MARC

LEADER 00000nla$a2200000$$$4500
001 0134959
005 20240502072521.2
041 0 |a slo 
044 |a SK 
245 1 0 |a Prístupy k riešeniu sociálnej situácie ľudí v hmotnej núdzi v SR  |c Mária Husáková 
520 |a Dávka sociálnej pomoci ako nástroj pomoci v hmotnej núdzi. Relácia dávky sociálnej pomoci vo vzťahu k životnému minimu. Vývoj súm životného minima a dávky sociálnej pomoci. Prístup k riešeniu hmotnej núdze v rámci "Novej sociálnej politiky". Posilnenie princípu zásluhovosti pri poskytovaní pomoci v hmotnej núdzi. 
610 2 0 |a pomoc sociálna 
610 2 0 |a situácia sociálna 
610 2 0 |a núdza hmotná 
610 2 0 |a politika sociálna 
610 2 0 |a pomoc štátna 
610 2 0 |a náklady životné 
610 2 0 |a dávky sociálne 
100 1 |a Husáková, Mária